Central Library OPAC University of Rajshahi

Microbes and us / (Record no. 15379)

MARC details
000 -LEADER
fixed length control field 00722cam a22002651 4500
001 - CONTROL NUMBER
control field 15379
003 - CONTROL NUMBER IDENTIFIER
rucl marc code BD-RjUL
005 - DATE AND TIME OF LATEST TRANSACTION
control field 20211208235814.0
008 - FIXED-LENGTH DATA ELEMENTS--GENERAL INFORMATION
fixed length control field 140210s1955 enk 001 0 eng
035 ## - SYSTEM CONTROL NUMBER
System control number (BD-RjUL)15433
System control number (OCoLC)1004992
040 ## - CATALOGING SOURCE
Original cataloging agency DLC
Transcribing agency TxU-Da
Modifying agency OCoLC
-- Uk
-- DLC
-- BD-RjUL
Language of cataloging eng
041 ## - LANGUAGE CODE
Language code of text/sound track or separate title eng
082 ## - DEWEY DECIMAL CLASSIFICATION NUMBER
Classification number 631.46
Author mark and year NIM 1955
100 1# - MAIN ENTRY--PERSONAL NAME
Personal name Nicol, Hugh,
Dates associated with a name 1898-
9 (RLIN) 47794
245 10 - TITLE STATEMENT
Title Microbes and us /
Statement of responsibility, etc. Hugh Nicol
260 ## - PUBLICATION, DISTRIBUTION, ETC. (IMPRINT)
Place of publication, distribution, etc. Harmondsworth, Middlesex :
Name of publisher, distributor, etc. Penguin Books,
Date of publication, distribution, etc. 1955.
300 ## - PHYSICAL DESCRIPTION
Pagination 272 p. ;
Size 18 cm.
490 0# - SERIES STATEMENT
Series statement Pelican books,
Volume/sequential designation A326
504 ## - BIBLIOGRAPHY, ETC. NOTE
Bibliography, etc Includes index.
650 #0 - SUBJECT ADDED ENTRY--TOPICAL TERM
Topical term or geographic name as entry element Soil microbiology.
9 (RLIN) 47795
942 ## - ADDED ENTRY ELEMENTS (KOHA)
Source of classification or shelving scheme Dewey Decimal Classification
Koha item type Books
Holdings
Lost status Source of classification or shelving scheme Damaged status Not for loan Collection code Permanent Location Current Location Shelving location Date acquired Source of acquisition Total Checkouts Full call number Date last seen Copy number Koha item type
  Dewey Decimal Classification   Not For Loan Non-fiction Central Library, University of Rajshahi Central Library, University of Rajshahi Reading Room 15/05/1963 Asia foundation   631.46 NIM 1955 10/02/2014 C-1 Books